[Event "FRA-chT Top 12 (Women) GpB"]
[Site "Mulhouse"]
[Date "2023.05.20"]
[Round "3.1"]
[White "Leconte, Maria"]
[Black "Forestier, Carole"]
[Result "1-0"]
[WhiteElo "2165"]
[BlackElo "2009"]
[PlyCount "61"]
[EventDate "2023.05.18"]
[EventType "team-tourn"]
[EventRounds "5"]
[EventCountry "FRA"]
[SourceTitle "CBM 214 Extra"]
[Source "ChessBase"]
[SourceDate "2023.07.31"]
[SourceVersion "1"]
[SourceVersionDate "2023.07.31"]
[SourceQuality "1"]
[WhiteTeam "Monaco (W)"]
[BlackTeam "Grasse (W)"]
[WhiteTeamCountry "MNC"]
[BlackTeamCountry "FRA"]

1. e4 e6 2. d4 d5 3. Nd2 dxe4 4. Nxe4 Nd7 5. g3 Ngf6 6. Nxf6+ Nxf6 7. Bg2 c5 8. Ne2 cxd4 9. Qxd4 Qxd4 10. Nxd4 Bc5 11. Nb3 Bd6 12. Be3 0-0 13. 0-0-0 Bc7 14. h3 a5 15. a4 Rb8 16. Ba7 Ra8 17. Bc5 Re8 18. Nd4 Nd7 19. Nb5 Be5 20. Bd6 Bxd6 21. Nxd6 Re7 22. Nxc8 Rxc8 23. Bxb7 Rb8 24. Bc6 Nb6 25. Bb5 Rc7 26. Rd3 Kf8 27. Rhd1 Ke7 28. Kb1 Nc4 29. Rd7+ Rxd7 30. Rxd7+ Ke8 31. Rb7+ 1-0

[Event "FRA-chT Top 12"]
[Site "Montpellier"]
[Date "2015.06.07"]
[Round "9.8"]
[White "Forestier, Carole"]
[Black "Skripchenko, Almira"]
[Result "0-1"]
[WhiteElo "2072"]
[BlackElo "2421"]
[PlyCount "70"]
[EventDate "2015.05.30"]
[EventType "team-tourn"]
[EventRounds "11"]
[EventCountry "FRA"]
[SourceTitle "CBM 166 Extra"]
[Source "ChessBase"]
[SourceDate "2015.06.18"]
[SourceVersion "1"]
[SourceVersionDate "2015.06.18"]
[SourceQuality "1"]
[WhiteTeam "Grasse Echecs"]
[BlackTeam "Clichy Echecs 92"]
[WhiteTeamCountry "FRA"]
[BlackTeamCountry "FRA"]

1. d4 d6 2. Nf3 Bg4 3. Qd3 c6 4. e4 Nd7 5. Nbd2 e5 6. Qe3 Be7 7. Bd3 Ngf6 8. 0-0 0-0 9. c3 Re8 10. a4 Bh5 11. Nc4 exd4 12. Nxd4 d5 13. exd5 cxd5 14. Nd2 Bd6 15. Qh3 Ne5 16. Bf5 g6 17. Bc2 Bg4 18. Qh4 Be7 19. f3 Bd7 20. Qf2 a6 21. N2b3 Nc4 22. Bd3 Qc7 23. Bg5 Nh5 24. Bxe7 Rxe7 25. f4 Ne3 26. Rfe1 Qxf4 27. Nc5 Rae8 28. g3 Qxf2+ 29. Kxf2 Ng4+ 30. Kf1 Nxh2+ 31. Kf2 Ng4+ 32. Kf1 Nxg3+ 33. Kg2 Rxe1 34. Rxe1 Rxe1 35. Kxg3 Bc8 0-1

[Event "FRA-chT Top 12"]
[Site "Montpellier"]
[Date "2015.05.31"]
[Round "2.8"]
[White "Choisy, Mathilde"]
[Black "Forestier, Carole"]
[Result "1-0"]
[WhiteElo "2182"]
[BlackElo "2072"]
[PlyCount "81"]
[EventDate "2015.05.30"]
[EventType "team-tourn"]
[EventRounds "11"]
[EventCountry "FRA"]
[SourceTitle "CBM 166 Extra"]
[Source "ChessBase"]
[SourceDate "2015.06.18"]
[SourceVersion "1"]
[SourceVersionDate "2015.06.18"]
[SourceQuality "1"]
[WhiteTeam "Mulhouse Philidor"]
[BlackTeam "Grasse Echecs"]
[WhiteTeamCountry "FRA"]
[BlackTeamCountry "FRA"]

1. e4 e6 2. d4 d5 3. Nd2 Nf6 4. e5 Nfd7 5. Ngf3 c5 6. c3 Nc6 7. Bd3 a6 8. 0-0 b5 9. Re1 b4 10. c4 Nb6 11. cxd5 Nxd5 12. dxc5 Bxc5 13. Ne4 Be7 14. Qe2 Qc7 15. Ng3 Bb7 16. Nh5 g6 17. Nf4 Qa5 18. Nxd5 Qxd5 19. Be4 Qa5 20. Bh6 Qb5 21. Qd2 Na5 22. Bxb7 Qxb7 23. Qf4 Nc6 24. Rad1 Rd8 25. Bg7 Rg8 26. Qh6 Bf8 27. Bxf8 Rxf8 28. Qxh7 Qe7 29. Qh6 a5 30. Qf4 Rh8 31. Qc4 Nb8 32. Qb5+ Nd7 33. Rd6 Rb8 34. Qa4 Rh5 35. Red1 Rd8 36. Qxa5 g5 37. Qxb4 f5 38. exf6 Qxf6 39. Qg4 Rh6 40. Nxg5 Qe7 41. Nxe6 1-0

[Event "FRA-chT Top 12"]
[Site "Montpellier"]
[Date "2015.05.30"]
[Round "1.8"]
[White "Forestier, Carole"]
[Black "Steil Antoni, Fiona"]
[Result "0-1"]
[WhiteElo "2072"]
[BlackElo "2094"]
[PlyCount "112"]
[EventDate "2015.05.30"]
[EventType "team-tourn"]
[EventRounds "11"]
[EventCountry "FRA"]
[SourceTitle "CBM 166 Extra"]
[Source "ChessBase"]
[SourceDate "2015.06.18"]
[SourceVersion "1"]
[SourceVersionDate "2015.06.18"]
[SourceQuality "1"]
[WhiteTeam "Grasse Echecs"]
[BlackTeam "Vandoeuvre"]
[WhiteTeamCountry "FRA"]
[BlackTeamCountry "FRA"]

1. d4 d6 2. Nf3 g6 3. c3 Bg7 4. e4 Nd7 5. Bd3 e5 6. 0-0 Ne7 7. Bg5 h6 8. Be3 0-0 9. Qb3 Kh7 10. Rd1 f5 11. exf5 Nxf5 12. Qc2 Qe8 13. Re1 Nxe3 14. Rxe3 Rf4 15. Nbd2 Qf7 16. Ne4 Kh8 17. Ng3 Rf6 18. Rae1 c6 19. Ne4 Re6 20. Nfg5 hxg5 21. Nxg5 Qe7 22. Nxe6 Qxe6 23. Bxg6 Nf8 24. Rh3+ Kg8 25. Bh7+ Kf7 26. dxe5 dxe5 27. Rf3+ Ke7 28. b3 Qh6 29. Bd3 Be6 30. c4 Rd8 31. Rg3 Bf6 32. b4 Qf4 33. Rf3 Qd4 34. h3 a6 35. a3 Rd7 36. Qc1 Qh4 37. Re4 Qh5 38. Qe3 Rd4 39. Rxd4 exd4 40. Qf4 Qe5 41. Qd2 Bg5 42. Qd1 Nd7 43. Rg3 Bf4 44. Rf3 Qg5 45. Bf1 Ne5 46. Rb3 Bd2 47. Rg3 Qh6 48. Qe2 Bf4 49. Rb3 Bxc4 50. Qd1 Bxb3 51. Qxb3 Qg6 52. Qd1 d3 53. g3 Bxg3 54. fxg3 Qxg3+ 55. Bg2 d2 56. Qf1 Qe1 0-1

[Event "FRA-chT Top 12"]
[Site "Belfort"]
[Date "2012.06.08"]
[Round "9.8"]
[White "Forestier, Carole"]
[Black "Benmesbah, Natacha"]
[Result "0-1"]
[WhiteElo "2096"]
[BlackElo "2208"]
[PlyCount "114"]
[EventDate "2012.05.31"]
[EventType "team-tourn"]
[EventRounds "11"]
[EventCountry "FRA"]
[SourceTitle "CBM 148 Extra"]
[Source "ChessBase"]
[SourceDate "2012.06.22"]
[SourceVersion "1"]
[SourceVersionDate "2012.06.22"]
[SourceQuality "1"]
[WhiteTeam "Grasse"]
[BlackTeam "Chalons en Champagne"]
[WhiteTeamCountry "FRA"]
[BlackTeamCountry "FRA"]

1. d4 Nf6 2. c4 c5 3. d5 e6 4. Nc3 exd5 5. cxd5 d6 6. e4 g6 7. f4 Bg7 8. Bb5+ Nfd7 9. Bd3 0-0 10. Nf3 Nf6 11. 0-0 Bg4 12. h3 Bxf3 13. Qxf3 Nbd7 14. f5 Ne5 15. Qe2 Nh5 16. fxg6 hxg6 17. Qe3 Qh4 18. Bc2 Nc4 19. Qg5 Bd4+ 20. Kh2 Be5+ 21. Kg1 Qxg5 22. Bxg5 Nxb2 23. Rf3 Nc4 24. g4 Bd4+ 25. Kg2 Ne5 26. Raf1 Nxf3 27. Rxf3 f6 28. Bh6 Ng7 29. Nb5 Rad8 30. Bxg7 Kxg7 31. Nc7 b5 32. Ne6+ Kg8 33. Nxd8 Rxd8 34. Ra3 c4 35. Ra5 Rb8 36. Ra6 Bb6 37. Ra3 b4 38. Rf3 Kg7 39. h4 Bd4 40. h5 gxh5 41. gxh5 Be5 42. Bd1 Kh6 43. Kh3 Rg8 44. Be2 Rc8 45. Bd1 a6 46. Kh4 Rc5 47. Rf2 Rb5 48. Be2 b3 49. axb3 Rxb3 50. Rg2 Rb2 51. Rg6+ Kh7 52. Bxc4 a5 53. Bf1 Rh2+ 54. Kg4 a4 55. Kf3 a3 56. Bc4 Rc2 57. Rg2 Rxc4 0-1

[Event "FRA-chT Top 12"]
[Site "Belfort"]
[Date "2012.06.05"]
[Round "6.8"]
[White "Forestier, Carole"]
[Black "Le Diouron, Aurelie"]
[Result "1-0"]
[WhiteElo "2096"]
[BlackElo "1954"]
[PlyCount "75"]
[EventDate "2012.05.31"]
[EventType "team-tourn"]
[EventRounds "11"]
[EventCountry "FRA"]
[SourceTitle "CBM 148 Extra"]
[Source "ChessBase"]
[SourceDate "2012.06.22"]
[SourceVersion "1"]
[SourceVersionDate "2012.06.22"]
[SourceQuality "1"]
[WhiteTeam "Grasse"]
[BlackTeam "Guingamp"]
[WhiteTeamCountry "FRA"]
[BlackTeamCountry "FRA"]

1. d4 Nf6 2. c4 c5 3. d5 b5 4. cxb5 a6 5. bxa6 Bxa6 6. g3 g6 7. Bg2 d6 8. Nf3 Bg7 9. Nc3 0-0 10. Rb1 Nbd7 11. 0-0 Rb8 12. Qc2 Rb6 13. Rd1 Qa8 14. b3 Rfb8 15. Nd2 Bb7 16. Nc4 Ra6 17. a4 Nb6 18. Nxb6 Rxb6 19. e4 Ba6 20. Bf1 Bxf1 21. Kxf1 Qa6+ 22. Kg2 Nd7 23. Nb5 h6 24. Bb2 Bxb2 25. Rxb2 Qa5 26. Qd2 Qxd2 27. Rbxd2 Kg7 28. Rc2 R8b7 29. f4 Rb8 30. Re2 Rc8 31. Rc1 Nf6 32. Rc3 Ra8 33. Kf3 h5 34. h3 Rd8 35. Na7 e6 36. dxe6 fxe6 37. Nb5 Nd7 38. Rd2 1-0

[Event "FRA-chT Top 12"]
[Site "Belfort"]
[Date "2012.06.02"]
[Round "3.8"]
[White "Maisuradze, Nino"]
[Black "Forestier, Carole"]
[Result "0-1"]
[WhiteElo "2302"]
[BlackElo "2096"]
[PlyCount "52"]
[EventDate "2012.05.31"]
[EventType "team-tourn"]
[EventRounds "11"]
[EventCountry "FRA"]
[SourceTitle "CBM 148 Extra"]
[Source "ChessBase"]
[SourceDate "2012.06.22"]
[SourceVersion "1"]
[SourceVersionDate "2012.06.22"]
[SourceQuality "1"]
[WhiteTeam "Bischwiller"]
[BlackTeam "Grasse"]
[WhiteTeamCountry "FRA"]
[BlackTeamCountry "FRA"]

1. d4 d5 2. c4 e6 3. Nc3 Nf6 4. cxd5 exd5 5. Bg5 Be7 6. e3 0-0 7. Bd3 Nbd7 8. Nge2 Re8 9. Qc2 Nf8 10. h3 Be6 11. 0-0 Rc8 12. Rad1 a6 13. a3 c5 14. dxc5 Rxc5 15. Nd4 Qc8 16. Nf5 Bxf5 17. Bxf5 Qc6 18. Qb1 g6 19. Bc2 Ne6 20. Bh4 d4 21. Bxf6 Bxf6 22. Ne4 Rxc2 23. Nxf6+ Kf8 24. Rc1 Rc8 25. Nd7+ Kg7 26. Nb6 Rxc1 0-1

[Event "Wch U20 Girls 29th"]
[Site "Chennai"]
[Date "2011.08.13"]
[Round "11"]
[White "Forestier, Carole"]
[Black "Madhurima, Shekhar"]
[Result "1-0"]
[WhiteElo "2101"]
[BlackElo "1854"]
[PlyCount "53"]
[EventDate "2011.08.02"]
[EventType "swiss"]
[EventRounds "13"]
[EventCountry "IND"]
[SourceTitle "CBM 143 Extra"]
[Source "ChessBase"]
[SourceDate "2011.08.29"]
[SourceVersion "1"]
[SourceVersionDate "2011.08.29"]
[SourceQuality "1"]

1. d4 d5 2. Nf3 Nf6 3. c4 e6 4. Nc3 Nbd7 5. Bg5 c6 6. e3 Qa5 7. Nd2 Bb4 8. Qc2 Ne4 9. Ndxe4 dxe4 10. Bf4 e5 11. Bg3 0-0 12. Be2 exd4 13. exd4 f5 14. Bf4 Nf6 15. 0-0 Qd8 16. Qb3 Be7 17. Rad1 Kh8 18. d5 cxd5 19. Nxd5 Nxd5 20. Rxd5 Qe8 21. Rfd1 Be6 22. R5d2 b6 23. Qh3 Qf7 24. b3 Bb4 25. Rc2 Rad8 26. Rcc1 Qf6 27. Bh5 1-0

[Event "Wch U20 Girls 29th"]
[Site "Chennai"]
[Date "2011.08.09"]
[Round "7"]
[White "Forestier, Carole"]
[Black "Lasya, Goli"]
[Result "0-1"]
[WhiteElo "2101"]
[BlackElo "1898"]
[PlyCount "86"]
[EventDate "2011.08.02"]
[EventType "swiss"]
[EventRounds "13"]
[EventCountry "IND"]
[SourceTitle "CBM 143 Extra"]
[Source "ChessBase"]
[SourceDate "2011.08.29"]
[SourceVersion "1"]
[SourceVersionDate "2011.08.29"]
[SourceQuality "1"]

1. d4 Nf6 2. c4 g6 3. Nc3 Bg7 4. e4 d6 5. Bg5 0-0 6. Qd2 Nbd7 7. Bd3 e5 8. d5 Nc5 9. Bc2 a5 10. Nge2 Bd7 11. 0-0 Rb8 12. b3 b5 13. cxb5 Bxb5 14. Nxb5 Rxb5 15. f3 Qa8 16. Nc1 c6 17. dxc6 Qxc6 18. Nd3 Ne6 19. Be3 d5 20. Nxe5 Qc7 21. a4 Rbb8 22. exd5 Nxd5 23. Qxd5 Bxe5 24. Rac1 Bxh2+ 25. Kh1 Bf4 26. Bxg6 Qe7 27. Bxh7+ Kxh7 28. Qf5+ Kg7 29. Bxf4 Qh4+ 30. Bh2 Rh8 31. Qg4+ Qxg4 32. fxg4 Rxb3 33. Kg1 f6 34. Rc4 Rd8 35. Re1 Kf7 36. Kf2 Rd2+ 37. Re2 Rd1 38. Rce4 Nc5 39. Re7+ Kg6 40. Ra2 Nd3+ 41. Ke2 Re1+ 42. Kd2 Rxe7 43. Kc2 Reb7 0-1

[Event "Wch U20 Girls 28th"]
[Site "Chotowa"]
[Date "2010.08.16"]
[Round "13"]
[White "Toth, Sarolta"]
[Black "Forestier, Carole"]
[Result "1-0"]
[WhiteElo "2207"]
[BlackElo "2103"]
[PlyCount "135"]
[EventDate "2010.08.03"]
[EventType "swiss"]
[EventRounds "13"]
[EventCountry "POL"]
[SourceTitle "CBM 137 Extra"]
[Source "ChessBase"]
[SourceDate "2010.09.01"]
[SourceVersion "1"]
[SourceVersionDate "2010.09.01"]
[SourceQuality "1"]

1. Nf3 d5 2. g3 Nf6 3. c4 c6 4. Bg2 Bf5 5. cxd5 cxd5 6. Qb3 Qc8 7. Nc3 e6 8. d3 Be7 9. Bf4 0-0 10. Rc1 Nc6 11. 0-0 Qd7 12. e4 dxe4 13. dxe4 Nxe4 14. Nxe4 Bxe4 15. Ne5 Nxe5 16. Bxe4 Bf6 17. Rfd1 Qe7 18. Qb5 a6 19. Qa5 b6 20. Qxb6 Rab8 21. Qxa6 Rxb2 22. Be3 Qb4 23. Bg2 Qb5 24. Qxb5 Rxb5 25. Rc7 Rfb8 26. Ba7 Rb1 27. Rc8+ Rxc8 28. Rxb1 g6 29. Rb8 Rxb8 30. Bxb8 Kf8 31. a4 Nc4 32. Bf1 Na5 33. Bc7 Bc3 34. Bb5 Ke7 35. Kf1 e5 36. f3 Ke6 37. Ke2 Kd5 38. Kd3 Be1 39. Be8 Ke6 40. f4 exf4 41. Bxf4 f6 42. Be3 Ke7 43. Bb5 Ke6 44. Bd4 f5 45. Bc3 Bxc3 46. Kxc3 Kd6 47. Kb4 Nb7 48. Be2 Kc7 49. Bf3 Nd6 50. Kc5 Nc8 51. a5 Kb8 52. Kd5 Ka7 53. Be2 g5 54. Ke6 f4 55. g4 h6 56. h3 Kb8 57. Kf6 Nd6 58. Kg6 Ne4 59. Kxh6 Ka7 60. Kg6 Nf2 61. Bf1 Ne4 62. Bg2 Nd2 63. Kxg5 f3 64. Bxf3 Nxf3+ 65. Kf6 Nd2 66. h4 Ka6 67. h5 Ne4+ 68. Kg6 1-0

[Event "Wch U20 Girls 28th"]
[Site "Chotowa"]
[Date "2010.08.05"]
[Round "3"]
[White "Forestier, Carole"]
[Black "Gora, Antonina"]
[Result "1-0"]
[WhiteElo "2103"]
[BlackElo "1579"]
[PlyCount "59"]
[EventDate "2010.08.03"]
[EventType "swiss"]
[EventRounds "13"]
[EventCountry "POL"]
[SourceTitle "CBM 137 Extra"]
[Source "ChessBase"]
[SourceDate "2010.09.01"]
[SourceVersion "1"]
[SourceVersionDate "2010.09.01"]
[SourceQuality "1"]

1. d4 Nf6 2. c4 g6 3. Nc3 d5 4. Bg5 c6 5. Bxf6 exf6 6. cxd5 cxd5 7. Qb3 Nc6 8. Qxd5 Be6 9. Qxd8+ Rxd8 10. e3 Nb4 11. Bb5+ Bd7 12. Bxd7+ Rxd7 13. 0-0-0 Bh6 14. Nf3 0-0 15. Kb1 a6 16. Rd2 b5 17. d5 Rfd8 18. Rhd1 a5 19. a3 Na6 20. Nxb5 Nc5 21. Nc3 Bg7 22. Nd4 f5 23. Nc6 Ra8 24. Ka2 a4 25. f3 Re8 26. Re2 Rc8 27. e4 fxe4 28. fxe4 Re8 29. e5 Rb7 30. d6 1-0

[Event "FRA-ch U20 Girls"]
[Site "Troyes"]
[Date "2010.04.18"]
[Round "8"]
[White "Richard, Emma"]
[Black "Forestier, Carole"]
[Result "1/2-1/2"]
[WhiteElo "2116"]
[BlackElo "2127"]
[PlyCount "29"]
[EventDate "2010.04.11"]
[EventType "swiss"]
[EventRounds "9"]
[EventCountry "FRA"]
[SourceTitle "EXT 2012"]
[Source "ChessBase"]
[SourceDate "2011.11.24"]
[SourceVersion "1"]
[SourceVersionDate "2011.11.24"]
[SourceQuality "1"]

1. e4 c6 2. Nc3 d5 3. Nf3 Bg4 4. h3 Bxf3 5. Qxf3 Nf6 6. d3 e6 7. a3 Nbd7 8. g3 Bc5 9. Bg2 0-0 10. 0-0 a5 11. Qe2 Bd4 12. Nb1 Qc7 13. Nd2 Ba7 14. Nf3 dxe4 15. dxe4 1/2-1/2

[Event "FRA-ch U20 Girls"]
[Site "Troyes"]
[Date "2010.04.15"]
[Round "5"]
[White "Esposito, Julie"]
[Black "Forestier, Carole"]
[Result "0-1"]
[WhiteElo "1767"]
[BlackElo "2127"]
[PlyCount "78"]
[EventDate "2010.04.11"]
[EventType "swiss"]
[EventRounds "9"]
[EventCountry "FRA"]
[SourceTitle "EXT 2012"]
[Source "ChessBase"]
[SourceDate "2011.11.24"]
[SourceVersion "1"]
[SourceVersionDate "2011.11.24"]
[SourceQuality "1"]

1. d4 d5 2. c4 e6 3. Nc3 Nf6 4. Bg5 c6 5. Nf3 h6 6. Bh4 g5 7. Bg3 dxc4 8. e4 b5 9. Be2 Bb7 10. 0-0 Nbd7 11. Ne5 Qb6 12. f4 Rh7 13. f5 Nxe5 14. Bxe5 Nd7 15. Bg3 e5 16. Bf2 exd4 17. Bxd4 Bc5 18. Bxc5 Qxc5+ 19. Kh1 0-0-0 20. Qc2 f6 21. Rad1 Ne5 22. Nb1 Qe3 23. Rde1 Qb6 24. b3 Nd3 25. Bxd3 cxd3 26. Qc3 c5 27. e5 Qc6 28. Rg1 fxe5 29. Qxe5 Qd5 30. Nd2 Rf7 31. Qe6+ Qxe6 32. fxe6 Rf2 33. e7 Re8 34. Ne4 Bxe4 35. Rxe4 Re2 36. Rxe2 dxe2 37. Re1 Rxe7 38. Kg1 Kd7 39. Kf2 Kd6 0-1

[Event "FRA-ch U20 Girls"]
[Site "Troyes"]
[Date "2010.04.12"]
[Round "2"]
[White "Peyre, Camille"]
[Black "Forestier, Carole"]
[Result "1-0"]
[WhiteElo "1931"]
[BlackElo "2127"]
[PlyCount "91"]
[EventDate "2010.04.11"]
[EventType "swiss"]
[EventRounds "9"]
[EventCountry "FRA"]
[SourceTitle "EXT 2012"]
[Source "ChessBase"]
[SourceDate "2011.11.24"]
[SourceVersion "1"]
[SourceVersionDate "2011.11.24"]
[SourceQuality "1"]

1. d4 d5 2. c4 e6 3. cxd5 exd5 4. Nc3 Nf6 5. Bg5 Be7 6. e3 0-0 7. Bd3 Nbd7 8. Nge2 Re8 9. Qc2 Nf8 10. f3 Be6 11. 0-0 Rc8 12. Bh4 c5 13. dxc5 Bxc5 14. Nd4 Ng6 15. Bf2 Ne5 16. Rfd1 a6 17. Rac1 b5 18. a4 b4 19. Bxa6 bxc3 20. Bxc8 Bxc8 21. Qxc3 Bb6 22. b4 Bd7 23. a5 Ba7 24. b5 Nc4 25. b6 Bb8 26. e4 Ba4 27. Rf1 Bf4 28. Ra1 Bd7 29. exd5 Ne3 30. Rfe1 Nfxd5 31. Qd3 Qg5 32. g3 Bh3 33. b7 Bb8 34. a6 Ba7 35. Nc6 Qh5 36. Bxe3 Qxf3 37. Qd2 Bxe3+ 38. Rxe3 Nxe3 39. Nd4 Qe4 40. Re1 h5 41. Rxe3 Qb1+ 42. Qe1 Qxe1+ 43. Rxe1 Rxe1+ 44. Kf2 Rb1 45. a7 Rb2+ 46. Ke3 1-0

[Event "FRA-chT1 0910"]
[Site "France"]
[Date "2009.12.13"]
[Round "7.8"]
[White "Forestier, Carole"]
[Black "Dikant, Christophe"]
[Result "1/2-1/2"]
[WhiteElo "2124"]
[BlackElo "2019"]
[PlyCount "164"]
[EventDate "2009.09.27"]
[EventType "team-tourn"]
[EventRounds "11"]
[EventCountry "FRA"]
[SourceTitle "EXT 2011"]
[Source "ChessBase"]
[SourceDate "2010.11.26"]
[SourceVersion "1"]
[SourceVersionDate "2010.11.26"]
[SourceQuality "1"]

1. d4 c5 2. d5 e5 3. Nc3 d6 4. h3 Be7 5. g4 f5 6. e3 a6 7. a4 Nf6 8. g5 Nfd7 9. h4 e4 10. f3 exf3 11. Nxf3 Ne5 12. e4 0-0 13. Nxe5 dxe5 14. exf5 Bxf5 15. Bd3 Qd7 16. Be3 e4 17. Bxe4 Bd6 18. Qd3 b6 19. Rf1 Bxe4 20. Rxf8+ Bxf8 21. Qxe4 Ra7 22. Bf4 Qf7 23. d6 Qd7 24. h5 Qg4 25. Kd2 Rd7 26. Qd5+ Rf7 27. Rf1 Qxh5 28. Ne4 Nd7 29. Qe6 Qg6 30. Qxg6 hxg6 31. Ke3 Rf5 32. Rd1 c4 33. Ng3 Ra5 34. b3 cxb3 35. cxb3 Rc5 36. Kd4 Rc2 37. Kd5 Kf7 38. Ne4 b5 39. axb5 axb5 40. Rc1 Nb6+ 41. Ke5 Nd7+ 42. Kd5 Nb6+ 43. Ke5 Nd7+ 44. Kd4 Rb2 45. Rc7 Ke6 46. Rb7 Rxb3 47. Rc7 Rb4+ 48. Ke3 Rb3+ 49. Kd4 Rb4+ 50. Ke3 Rb3+ 51. Kd4 Rb4+ 52. Kd3 Rb1 53. Rc8 Rd1+ 54. Ke2 Rd4 55. Ke3 Rb4 56. Re8+ Kf7 57. Rd8 Ke6 58. Re8+ Kf7 59. Rc8 Ke6 60. Kd3 Rb1 61. Nc3 Rf1 62. Ke4 Bxd6 63. Bxd6 Kxd6 64. Nxb5+ Ke7 65. Nd4 Re1+ 66. Kf4 Rf1+ 67. Ke3 Rg1 68. Nf3 Ra1 69. Rc7 Kd6 70. Rb7 Ra3+ 71. Kf4 Ra4+ 72. Kg3 Ra3 73. Kf2 Ra2+ 74. Ke3 Ra3+ 75. Ke2 Ra2+ 76. Ke3 Ra3+ 77. Ke2 Ra2+ 78. Nd2 Ke6 79. Rb5 Ne5 80. Ke3 Ng4+ 81. Kd3 Ne5+ 82. Ke3 Ng4+ 1/2-1/2

[Event "FRA-chT1 0910"]
[Site "France"]
[Date "2009.10.18"]
[Round "3.8"]
[White "Forestier, Carole"]
[Black "Wilson, Alexandra"]
[Result "1-0"]
[WhiteElo "2121"]
[BlackElo "2083"]
[PlyCount "69"]
[EventDate "2009.09.27"]
[EventType "team-tourn"]
[EventRounds "11"]
[EventCountry "FRA"]
[SourceTitle "EXT 2011"]
[Source "ChessBase"]
[SourceDate "2010.11.26"]
[SourceVersion "1"]
[SourceVersionDate "2010.11.26"]
[SourceQuality "1"]

1. d4 e6 2. c4 b6 3. Nf3 Bb7 4. g3 Bb4+ 5. Bd2 Bxd2+ 6. Qxd2 Nf6 7. Nc3 0-0 8. Bg2 d6 9. 0-0 Nbd7 10. Qc2 Qe7 11. e4 e5 12. Nd5 Nxd5 13. cxd5 Rac8 14. dxe5 dxe5 15. Rfd1 Rfd8 16. Qd2 Nf6 17. Nh4 g6 18. Qd3 Rd6 19. Qa3 a6 20. Rd2 Rcd8 21. Rc1 Ne8 22. Nf3 Kg7 23. Qc3 f6 24. Qa3 Qd7 25. Rdc2 c6 26. dxc6 Rd1+ 27. Bf1 Qh3 28. Rxd1 Rxd1 29. Nd2 Bxc6 30. Rxc6 Qd7 31. Rc2 Nc7 32. Qe3 Ne6 33. Nf3 Qb5 34. Qe2 Qd7 35. Rd2 1-0

[Event "FRA-ch op-A"]
[Site "Nimes"]
[Date "2009.08.13"]
[Round "3"]
[White "Forestier, Carole"]
[Black "Benmesbah, Natacha"]
[Result "1/2-1/2"]
[WhiteElo "2111"]
[BlackElo "2151"]
[PlyCount "97"]
[EventDate "2009.08.11"]
[EventType "swiss"]
[EventRounds "11"]
[EventCountry "FRA"]
[SourceTitle "CBM 132 Extra"]
[Source "ChessBase"]
[SourceDate "2009.11.03"]
[SourceVersion "1"]
[SourceVersionDate "2009.11.03"]
[SourceQuality "1"]

1. d4 Nf6 2. c4 c5 3. d5 e6 4. Nc3 exd5 5. cxd5 d6 6. e4 g6 7. f4 Bg7 8. Bb5+ Nfd7 9. Bd3 0-0 10. Nf3 Nf6 11. 0-0 Bg4 12. h3 Bxf3 13. Qxf3 Nbd7 14. Be3 a6 15. a4 Qc7 16. Rae1 Rac8 17. Be2 Qb8 18. g4 b5 19. g5 Nh5 20. e5 dxe5 21. f5 e4 22. Nxe4 Bxb2 23. fxg6 hxg6 24. Qf2 Be5 25. Kg2 b4 26. Bd1 Ng7 27. Bg4 Qb7 28. Nf6+ Nxf6 29. gxf6 Qxd5+ 30. Bf3 Qd6 31. fxg7 Bxg7 32. Rd1 Qc7 33. Rd5 c4 34. Bc5 Rfe8 35. Bxb4 c3 36. Qc2 Qf4 37. Bd6 Qc4 38. Bg3 Re3 39. Rfd1 Rce8 40. Rd8 Bf6 41. Rxe8+ Rxe8 42. Rd6 Re6 43. Rxe6 Qxe6 44. Bf4 Qc4 45. Be3 Qc7 46. Bd5 Kg7 47. Be4 Qc4 48. Bf2 Be5 49. Bg3 1/2-1/2